000 00527nam a22001937a 4500
003 MPLRDC
005 20220104124621.0
008 210129b ||||| |||| 00| 0 eng d
020 _a957-13-3370-0
082 _a627 SPE v.1
100 _aJONATHAN D. SPENCE
245 _a追寻现代中国 (上)
_c温洽溢 译
250 _a初版
260 _a台湾
_b时报文化出版企业股份有限公司
_c2001
300 _b329
490 _a历史与现场: 132
650 _a中国历史--清朝
942 _cBK
_o627 SPE v.1
999 _c20772
_d20762